000 00241nam a2200097Ia 4500
005 20250424112848.0
008 250424s9999 xx 000 0 und d
300 _a154 p. :ill. ; 29 cm.
650 _aJournal of accounting and EDP
942 _cSR
999 _c37562
_d37562